[Event "Wroclaw Anderssen Memorial op"]
[Site "Wroclaw"]
[Date "2020.08.09"]
[Round "8"]
[White "Kowalczuk, Mikolaj"]
[Black "Piekielny, Pawel"]
[Result "0-1"]
[WhiteElo "1945"]
[BlackElo "2099"]
[PlyCount "60"]
[EventDate "2020.08.09"]
[EventType "swiss"]
[EventRounds "11"]
[EventCountry "POL"]
[SourceTitle "CBM 197 Extra"]
[Source "ChessBase"]
[SourceDate "2020.09.30"]
[SourceVersion "1"]
[SourceVersionDate "2020.09.30"]
[SourceQuality "1"]

1. d4 Nf6 2. Bf4 e6 3. Nf3 c5 4. e3 Nc6 5. c3 d5 6. Nbd2 Bd6 7. Bg3 0-0 8. Bd3 Re8 9. Ne5 Bxe5 10. dxe5 Nd7 11. f4 c4 12. Bc2 Qb6 13. Nf3 Qxb2 14. 0-0 Qxc3 15. Bxh7+ Kxh7 16. Ng5+ Kg6 17. Qb1+ Qd3 18. Qe1 Nc5 19. h4 f6 20. Rd1 Qf5 21. h5+ Kxh5 22. Kf2 fxg5 23. Qe2+ Kg6 24. Ke1 g4 25. Bh4 Nb4 26. Rh1 Nbd3+ 27. Kf1 Bd7 28. Rb1 Nxf4 29. exf4 Qxb1+ 30. Be1 Qd3 0-1

[Event "Wroclaw Anderssen Memorial op"]
[Site "Wroclaw"]
[Date "2020.08.09"]
[Round "7"]
[White "Zerebiec, Maurycy"]
[Black "Kowalczuk, Mikolaj"]
[Result "1/2-1/2"]
[WhiteElo "1789"]
[BlackElo "1945"]
[PlyCount "101"]
[EventDate "2020.08.09"]
[EventType "swiss"]
[EventRounds "11"]
[EventCountry "POL"]
[SourceTitle "CBM 197 Extra"]
[Source "ChessBase"]
[SourceDate "2020.09.30"]
[SourceVersion "1"]
[SourceVersionDate "2020.09.30"]
[SourceQuality "1"]

1. c4 e6 2. e4 d5 3. exd5 exd5 4. d4 Nf6 5. Nf3 Bb4+ 6. Nc3 0-0 7. Be2 dxc4 8. 0-0 Bg4 9. Bg5 Be7 10. Bxc4 Nc6 11. d5 Nxd5 12. Bxd5 Bxg5 13. Bxc6 bxc6 14. Qxd8 Bxd8 15. Ne5 Be6 16. Nxc6 Bf6 17. Rfd1 a5 18. Nd4 Rab8 19. b3 Rfd8 20. Nxe6 Rxd1+ 21. Rxd1 fxe6 22. Ne4 a4 23. Rd3 axb3 24. axb3 Kf7 25. f3 Kg6 26. Kf2 Ra8 27. Nd2 Ra2 28. Ke3 e5 29. g3 Bg5+ 30. f4 exf4+ 31. gxf4 Bf6 32. h3 h5 33. Nc4 Rh2 34. Ke4 Re2+ 35. Kd5 Rf2 36. Kc6 Rxf4 37. Kxc7 h4 38. Kc6 Rd4 39. Rf3 Rd1 40. b4 Rg1 41. b5 Bd4 42. Rd3 Bf2 43. b6 Bxb6 44. Kxb6 Rg3 45. Re3 Kf5 46. Kc5 Kf4 47. Kd4 Rxe3 48. Nxe3 Kg3 49. Ke4 Kxh3 50. Kf3 g5 51. Ng4 1/2-1/2

[Event "Wroclaw Anderssen Memorial op"]
[Site "Wroclaw"]
[Date "2018.08.04"]
[Round "4"]
[White "Kowalczuk, Mikolaj"]
[Black "Butkiewicz, Lukasz"]
[Result "0-1"]
[WhiteElo "1908"]
[BlackElo "2444"]
[PlyCount "70"]
[EventDate "2018.08.04"]
[EventType "swiss (rapid)"]
[EventRounds "13"]
[EventCountry "POL"]
[SourceTitle "CBM 185 Extra"]
[Source "ChessBase"]
[SourceDate "2018.07.29"]
[SourceVersion "1"]
[SourceVersionDate "2018.07.29"]
[SourceQuality "1"]

1. d4 Nf6 2. Bf4 d6 3. Nf3 g6 4. e3 Bg7 5. c4 0-0 6. Be2 Nfd7 7. 0-0 Nc6 8. Nc3 e5 9. Bg5 Bf6 10. Bxf6 Qxf6 11. Nd5 Qd8 12. b4 exd4 13. exd4 Nf6 14. Nf4 Nxb4 15. Qd2 Nc6 16. Bd3 Bg4 17. Ng5 Nh5 18. Nxh5 Bxh5 19. Qf4 Nxd4 20. g4 Qxg5 21. Qxg5 Nf3+ 22. Kg2 Nxg5 23. gxh5 Ne6 24. hxg6 Nf4+ 25. Kf3 Nxd3 26. gxh7+ Kh8 27. Ke4 Nc5+ 28. Kd5 Rae8 29. Rfe1 Kxh7 30. f4 Re6 31. f5 Rxe1 32. Rxe1 Kg7 33. Re7 Na6 34. Ke4 Kf6 35. Rd7 Nc5+ 0-1

[Event "POL-chT3 2010/11"]
[Site "Wielkopolska"]
[Date "2011.04.15"]
[Round "11"]
[White "Kowalczuk, Mikolaj"]
[Black "Niekras, Dawid"]
[Result "1/2-1/2"]
[WhiteElo "1920"]
[BlackElo "1789"]
[PlyCount "63"]
[EventDate "2010.11.28"]
[EventType "team-tourn"]
[EventRounds "11"]
[EventCountry "POL"]
[SourceTitle "EXT 2019"]
[Source "ChessBase"]
[SourceDate "2018.10.10"]
[SourceVersion "1"]
[SourceVersionDate "2018.10.10"]
[SourceQuality "1"]
[WhiteTeam "Rawicz Korona Rawbud"]
[BlackTeam "Koscian Tecza"]
[WhiteTeamCountry "POL"]
[BlackTeamCountry "POL"]

1. d4 d5 2. c4 e6 3. Nc3 Nf6 4. Nf3 Be7 5. e3 0-0 6. Bd3 Nbd7 7. 0-0 b6 8. cxd5 exd5 9. Ne5 Bb7 10. Qf3 Bd6 11. Nxd7 Qxd7 12. Qf5 Qe7 13. b3 c6 14. Qf3 Rfe8 15. Bb2 Ne4 16. Qe2 Qh4 17. f4 Re6 18. Bxe4 dxe4 19. Qf2 Qxf2+ 20. Kxf2 Ba6 21. Rfd1 Bd3 22. Rac1 Bb4 23. a3 Bxc3 24. Rxc3 Rc8 25. Rdc1 Rh6 26. h3 Kf8 27. b4 b5 28. Rc5 Bc4 29. a4 Rd8 30. a5 Rhd6 31. g4 Bd5 32. Bc3 1/2-1/2

[Event "POL-chT3 Wielkopolska 1112"]
[Site "Poland"]
[Date "2011.??.??"]
[Round "3.32"]
[White "Kowalczuk, Mikolaj"]
[Black "Piechota, Pawel"]
[Result "1/2-1/2"]
[WhiteElo "1893"]
[BlackElo "2086"]
[PlyCount "119"]
[EventDate "2011.11.27"]
[EventType "team-tourn"]
[EventRounds "11"]
[EventCountry "POL"]
[SourceTitle "EXT 2014"]
[Source "ChessBase"]
[SourceDate "2013.11.20"]
[SourceVersion "1"]
[SourceVersionDate "2013.11.20"]
[SourceQuality "1"]
[WhiteTeam "Rawicz Korona Rawbud"]
[BlackTeam "Szamotuly Baszta"]
[WhiteTeamCountry "POL"]
[BlackTeamCountry "POL"]

1. e4 e6 2. Qe2 c5 3. g3 Nc6 4. c3 Nge7 5. d3 d5 6. Bg2 d4 7. c4 e5 8. f4 Bd7 9. Nf3 Bg4 10. h3 Bxf3 11. Bxf3 Qc7 12. Na3 a6 13. 0-0 Nc8 14. Nc2 Bd6 15. f5 Be7 16. g4 Nd6 17. a3 b5 18. b3 Qd7 19. Qg2 Rb8 20. Bd2 bxc4 21. bxc4 Rb3 22. Ne1 Rb2 23. Rf2 Bh4 24. Re2 Rb3 25. Qf1 Nxc4 26. dxc4 d3 27. Re3 Bg5 28. Rxd3 Rxd3 29. Bxg5 Qd4+ 30. Kg2 Qxa1 31. Qxd3 0-0 32. Bh4 Qb2+ 33. Qe2 Qxa3 34. f6 Rb8 35. Nc2 Qa2 36. Qd2 Nd4 37. Bd1 Rb2 38. Bf2 Rxc2 39. Bxc2 Qxc2 40. Qxc2 Nxc2 41. Bxc5 a5 42. g5 a4 43. Bd6 Ne3+ 44. Kf3 Nxc4 45. Bb4 a3 46. Ke2 a2 47. Bc3 gxf6 48. gxf6 h5 49. Kd3 Nd6 50. Bxe5 Kh7 51. Bb2 Kg6 52. e5 Ne8 53. Kc4 Nc7 54. Kc5 Ne6+ 55. Kd6 h4 56. Ke7 Nf4 57. Ke8 Nd3 58. Bc3 Nc5 59. Bb2 Ne6 60. Ba1 1/2-1/2

[Event "POL-chT U19 2nd League"]
[Site "Chelm Lubelski"]
[Date "2010.07.14"]
[Round "11"]
[White "Kowalczuk, Mikolaj"]
[Black "Kielbasa, Artur"]
[Result "1-0"]
[WhiteElo "1939"]
[BlackElo "1541"]
[PlyCount "63"]
[EventDate "2010.07.06"]
[EventType "team-tourn"]
[EventRounds "11"]
[EventCountry "POL"]
[SourceTitle "EXT 2011"]
[Source "ChessBase"]
[SourceDate "2010.11.26"]
[SourceVersion "1"]
[SourceVersionDate "2010.11.26"]
[SourceQuality "1"]
[WhiteTeam "Rawicz Korona Rawbud U19"]
[BlackTeam "Lesniowice U19"]
[WhiteTeamCountry "POL"]
[BlackTeamCountry "POL"]

1. d4 d5 2. Nf3 Nf6 3. c4 e6 4. Nc3 Be7 5. e3 0-0 6. h3 Nbd7 7. cxd5 exd5 8. Bd3 Re8 9. 0-0 Nf8 10. Qc2 c6 11. Rb1 Bd6 12. b4 a6 13. Na4 Bd7 14. Nc5 Qc7 15. a4 Rec8 16. Qe2 a5 17. Nxd7 N8xd7 18. b5 c5 19. dxc5 Nxc5 20. Bf5 Re8 21. Bb2 Nfe4 22. Qd1 g6 23. Qd4 Be5 24. Nxe5 Qxe5 25. Qxe5 Rxe5 26. Bxe5 gxf5 27. Rfd1 f6 28. Bd4 Nxa4 29. Ra1 Nac3 30. Bxc3 Nxc3 31. Rd3 Nxb5 32. Rxd5 1-0

[Event "POL-chT U19 2nd League"]
[Site "Chelm Lubelski"]
[Date "2010.07.08"]
[Round "4"]
[White "Somyk, Marcin"]
[Black "Kowalczuk, Mikolaj"]
[Result "1-0"]
[WhiteElo "1869"]
[BlackElo "1939"]
[PlyCount "85"]
[EventDate "2010.07.06"]
[EventType "team-tourn"]
[EventRounds "11"]
[EventCountry "POL"]
[SourceTitle "EXT 2011"]
[Source "ChessBase"]
[SourceDate "2010.11.26"]
[SourceVersion "1"]
[SourceVersionDate "2010.11.26"]
[SourceQuality "1"]
[WhiteTeam "Wroclaw MUKS MDK Fabryczna U19"]
[BlackTeam "Rawicz Korona Rawbud U19"]
[WhiteTeamCountry "POL"]
[BlackTeamCountry "POL"]

1. e4 c5 2. c3 d5 3. exd5 Qxd5 4. d4 Nc6 5. Nf3 Bg4 6. Be2 cxd4 7. cxd4 e6 8. 0-0 Nf6 9. Nc3 Qd8 10. Be3 Be7 11. h3 Bh5 12. Qb3 0-0 13. Qxb7 Nb4 14. Qb5 Bg6 15. Rac1 Rb8 16. Qa4 Nc2 17. Ne5 Rxb2 18. Nxg6 Nxe3 19. Nxe7+ Qxe7 20. fxe3 Nd5 21. Bf3 Nxe3 22. Rf2 Rb4 23. Qa3 Nc4 24. Qa6 Qg5 25. Re1 Nd2 26. Qd3 Rb2 27. Ne4 Nxf3+ 28. Qxf3 Qb5 29. Rxb2 Qxb2 30. Qf2 Qa3 31. Rf1 h6 32. Qg3 Qxa2 33. Nf6+ Kh8 34. Nh5 Rg8 35. Rxf7 Qa1+ 36. Kh2 Qxd4 37. Nf4 a5 38. Nxe6 Qb2 39. Qf4 Qb8 40. Qxb8 Rxb8 41. Ra7 Rb5 42. Nxg7 Re5 43. g4 1-0

[Event "POL-ch U18"]
[Site "Karpacz"]
[Date "2010.03.10"]
[Round "7"]
[White "Karcz, Bartlomiej"]
[Black "Kowalczuk, Mikolaj"]
[Result "1-0"]
[WhiteElo "1970"]
[BlackElo "1882"]
[PlyCount "95"]
[EventDate "2010.03.06"]
[EventType "swiss"]
[EventRounds "11"]
[EventCountry "POL"]
[SourceTitle "CBM 135 Extra"]
[Source "ChessBase"]
[SourceDate "2010.05.04"]
[SourceVersion "1"]
[SourceVersionDate "2010.05.04"]
[SourceQuality "1"]

1. e4 c5 2. Nf3 d6 3. d4 cxd4 4. Nxd4 Nf6 5. Nc3 a6 6. Bc4 e6 7. Bb3 Be7 8. f4 Qc7 9. Qf3 Nc6 10. Be3 Bd7 11. f5 Nxd4 12. Bxd4 e5 13. Bf2 Bc6 14. g4 b5 15. g5 Nxe4 16. Nd5 Bxd5 17. Bxd5 Nxg5 18. Qg2 Rc8 19. h4 Qa5+ 20. c3 Rxc3 21. bxc3 Qxc3+ 22. Ke2 Qb2+ 23. Kd3 e4+ 24. Bxe4 Nxe4 25. Qxe4 Qxf2 26. Rhe1 0-0 27. Qxe7 Qxf5+ 28. Qe4 Qc5 29. a4 bxa4 30. Rxa4 Qb5+ 31. Kd2 Qb2+ 32. Qc2 Qb7 33. Rae4 Qb5 34. Qd3 Qa5+ 35. Ke2 Rd8 36. Kf1 Qf5+ 37. Kg1 Rf8 38. Qxd6 g6 39. Qxa6 Qc5+ 40. Kh1 Qd5 41. Qc4 Qb7 42. Kh2 Qb8+ 43. Kh3 Rc8 44. Qa4 Rc3+ 45. R4e3 Qc8+ 46. Qg4 f5 47. Qf4 Rc4 48. Re8+ 1-0